| 000 | 00739nam a2200229 a 4500 | ||
|---|---|---|---|
| 001 | 000008329 | ||
| 005 | 20240412074206.0 | ||
| 008 | 090916s2003 dr r 000 j spa d | ||
| 020 | _a9993484318 | ||
| 040 |
_aDO-SdBNP _bspa _cBNPHU |
||
| 082 |
_aRD863.4 _bC759v, 2003 |
||
| 245 | 0 | 0 | _aContándonos 25 cuentos dominicanos. |
| 250 | _a2a ed. | ||
| 260 |
_aSanto Domingo : _bEdiciones D, _c2003. |
||
| 300 |
_a255 p. ; _c17 cm. |
||
| 504 | _aIncluye referencias bibliográficas y notas al pie de las páginas. | ||
| 590 | _aInventariado, 2019 / DG | ||
| 650 | 0 |
_aCuentos dominicanos _9176 |
|
| 650 | 0 |
_aLiteratura dominicana. _967 |
|
| 740 | 2 | _aContándonos veinticinco cuentos dominicanos | |
| 910 | _aValidado. Control de calidad. MFF | ||
| 999 |
_c8100 _d8100 |
||